The toss of a lemon / (Record no. 37361)

MARC details
000 -LEADER
fixed length control field 00649nam a22001937a 4500
005 - DATE AND TIME OF LATEST TRANSACTION
control field 20100723121952.0
010 ## - LCCN (DPL NO)
LC control number ENG-96619
020 ## - INTERNATIONAL STANDARD BOOK NUMBER
International Standard Book Number 9789380032436
Terms of availability 499.00
035 ## - SYSTEM CONTROL NUMBER
System control number EN-80152
037 ## - SOURCE OF ACQUISITION
Source of stock number/acquisition DBAD/PUB
082 ## - DEWEY DECIMAL CLASSIFICATION NUMBER
Classification number N
100 ## - MAIN ENTRY--PERSONAL NAME
Personal name Viswanathan, Padma
245 ## - TITLE STATEMENT
Title The toss of a lemon /
Statement of responsibility, etc by Padma Viswanathan
260 ## - PUBLICATION, DISTRIBUTION, ETC. (IMPRINT)
Place of publication, distribution, etc Chennai
Name of publisher, distributor, etc Tranquebar Press
Date of publication, distribution, etc 2008
270 ## - ADDRESS
Address 571, Pooamallee High Road, Kamaraj Bhavan, Aminijikarai,
City Chennai
Postal code 600029
300 ## - PHYSICAL DESCRIPTION
Extent 619p.
Dimensions 23cm, (pbk)
942 ## - ADDED ENTRY ELEMENTS (KOHA)
Source of classification or shelving scheme Dewey Decimal Classification
Item type English Books
Call number suffix VIS
Classification part N
Holdings
Withdrawn status Lost status Not for loan Collection code Home library Current library Date acquired Source of acquisition Cost, normal purchase price Full call number Barcode Copy number Cost, replacement price Koha item type
    Not For Loan Non-fiction D.B.Act.Division D.B.Act.Division 23/07/2010 DBAD/PUB 499.00 VIS EN-80152 1 499.00 English Books

© Delhi Public Library
Hit Counter
free hit counter